| Tag |
First Indicator |
Second Indicator |
Subfields |
| LEADER |
00000cam a2200000 i 4500 |
| 001 |
in00004647413 |
| 006 |
m o d f |
| 007 |
cr c|||||a|||| |
| 008 |
180330s2015 vauab ob f000 0 eng d |
| 005 |
20230615205534.2 |
| 035 |
|
|
|a (OCoLC)on1029876010
|
| 040 |
|
|
|a AEF
|b eng
|e rda
|e pn
|c AEF
|d OCLCO
|d OCLCF
|d OCLCQ
|d GPO
|d MvI
|
| 043 |
|
|
|a n-us-ny
|
| 049 |
|
|
|a WWW
|
| 050 |
|
4 |
|a TD557.N7
|b M354 2015
|
| 074 |
|
|
|a 0624-B-02 (online)
|
| 086 |
0 |
|
|a I 19.42/4-4:2015-5116
|
| 100 |
1 |
|
|a McKenna, James E.,
|c Jr.,
|e author.
|
| 245 |
1 |
0 |
|a Dam removal, connectivity, and aquatic resources in the St. Regis River watershed, New York /
|c by James E. McKenna, Jr. [and four others].
|
| 264 |
|
1 |
|a Reston, VA :
|b U.S. Dept. of the Interior, U.S. Geological Survey,
|c 2015.
|
| 300 |
|
|
|a 1 online resource (vii, 15 pages) :
|b color illustrations, color maps.
|
| 336 |
|
|
|a text
|b txt
|2 rdacontent
|
| 337 |
|
|
|a computer
|b c
|2 rdamedia
|
| 338 |
|
|
|a online resource
|b cr
|2 rdacarrier
|
| 490 |
1 |
|
|a Scientific investigations report ;
|v 2015-5116
|
| 500 |
|
|
|a "Prepared in cooperation with the St. Regis Mohawk Tribe - Environment Division."
|
| 500 |
|
|
|a GPO Cataloging Record Distribution Program (CRDP).
|
| 504 |
|
|
|a Includes bibliographical references (pages 13-14).
|
| 588 |
|
|
|a Description based on online resource; title from PDF title page (USGS, viewed Jan. 10, 2023).
|
| 650 |
|
0 |
|a Dams
|z New York (State)
|z Saint Regis River Watershed.
|
| 650 |
|
0 |
|a Dam retirement
|z New York (State)
|z Saint Regis River Watershed.
|
| 650 |
|
0 |
|a Aquatic resources
|z New York (State)
|z Saint Regis River Watersheds.
|
| 651 |
|
0 |
|a Hogansburg Dam (N.Y.)
|
| 650 |
|
7 |
|a Dams.
|2 fast
|0 (OCoLC)fst01198486
|
| 710 |
2 |
|
|a Geological Survey (U.S.),
|0 https://id.loc.gov/authorities/names/n80092173
|e issuing body.
|
| 710 |
1 |
|
|a Saint Regis Mohawk Tribe.
|b Environment Division.
|0 https://id.loc.gov/authorities/names/no2023002977
|
| 830 |
|
0 |
|a Scientific investigations report ;
|0 https://id.loc.gov/authorities/names/n2004006657
|v 2015-5116.
|
| 856 |
4 |
0 |
|u https://purl.fdlp.gov/GPO/gpo190338
|t 0
|
| 999 |
f |
f |
|s 23e245bc-33a1-41de-b5b0-74a358aa66cc
|i 257fbaee-625c-45ad-b388-72cec6a7ad2a
|t 0
|
| 952 |
f |
f |
|a Texas A&M University
|b College Station
|c Electronic Resources
|d Available Online
|t 0
|e I 19.42/4-4:2015-5116
|h Superintendent of Documents classification
|
| 998 |
f |
f |
|a I 19.42/4-4:2015-5116
|t 0
|l Available Online
|